00417nam a2200145Ia 4500008004100000100002400041245004400065245002400109260005900133260000900192300001100201650001800212650001500230856002600245170221s9999 xx 000 0 und d aEce Karadogan Doruk aDiscourse of Mobbing in Turkish Press  cEce Karadogan Doruk bOnline Journal of Communication and Media Technologies c2015 a4 : S3 xCommunication xMedia Arts uhttp://www.ojcmt.net/